000 00915nam a2200337 a 4500
003 AR-BaBNM
005 20251128204811.0
008 082120s2002 ||||||||||||||000 | spa||
020 _a950-9293-16-4
040 _cAR-BaBNM
245 0 0 _aJuventud y familia
_beducación para el amor y la responsabilidad
250 _a2ª ed.
260 _aBuenos Aires
_bDocencia
_c1994
300 _a103 p.
_bcuadros
500 _aContiene prólogo de Régoli de Mullen, Alicia
650 4 _aFAMILIA
650 4 _aAMOR
650 4 _aJUVENTUD
650 4 _aADOLESCENCIA
650 4 _aCONFLICTO SOCIAL
650 4 _aCONFLICTO DE ROLES
650 4 _aIDENTIDAD CULTURAL
700 1 _aAltamira, Alfredo
700 1 _aCarutti, Eugenio
700 1 _aDonini, Antonio
700 1 _aFabbri, Enrique
700 1 _aRodríguez Amenábar, Saúl Miguel
700 1 _aMaffei, Julio V.
942 _cBK
998 _cGLORIA
999 _c8884
_d8884